00996nam a2200217 a 450000100100000000500170001000800410002702000150006804000250008324501270010826001010023530000340033649000370037050000210040750400730042850500660050170000400056783000460060795201080065399900170076100004188720201002035819.0131021s1981 sp 001 0 spa d a8430037659 aDO-SdBNPbspacBNPHU00aTrento :bUn Concilio para la unión : (1550-1552) /cEdición crítica preparada y anotada por Constancio Gutiérrez. aMadrid :bInstituto Enrique Flórez : Consejo superior de Investigaciones Científicas,c1981. av. (XVIII, 624) p., ;c26 cm.1 aCorpus Tridentinum Hispanicumv3 aIncluye índice aIncluye referencias bibliográficas y notas al pie de las páginas2 aV. 2tFuentes :(1552-1553)(Cartas, despachos, nóminas etc.)1 aGutiérrez, Constancioeed.968775 0aCorpus Tridentinum Hispanicum ;v3968776 001050718MOaGRbGRcCTd2013-10-21iLF1l0ov. 2p41887-10r2020-06-25w2020-06-25y1ZNo se presta c41376d41376